Abandoned Places in Pokémon Games - Statistics

General Stats
  • This quiz has been taken 13 times
  • The average score is 7 of 12
Answer Stats
Picture Answer % Correct
Kanto Power Plant
82%
Old Chateau
82%
Sea Mauville
82%
Dreamyard
73%
New Mauville
64%
Zero Lab
64%
Lysandre Labs
55%
N's Castle
55%
Thrifty Megamart
55%
Ultra Ruin
55%
Pokémon Mansion
45%
Lost Hotel
36%
No matching quizzes found
Score Distribution
Percent of People with Each Score
Percentile by Number Answered
Your Score History
You have not taken this quiz